[Event "Mulhouse 2010 - IM"]
[Site "Mulhouse"]
[Date "2010.??.??"]
[Round "5"]
[White "Genzling, Alain"]
[Black "Lerch, Patrice"]
[Result "0-1"]
[WhiteElo "2405"]
[BlackElo "2300"]
[PlyCount "83"]
[EventDate "2010.07.??"]
[EventType "tourn"]
[EventCountry "FRA"]
[EventCategory "4"]
[WhiteTeamCountry "FRA"]
[BlackTeamCountry "FRA"]

1. e4 c5 2. Nc3 Nc6 3. Bb5 Nd4 4. Bc4 e6 5. Nge2 Nf6 6. O-O a6 7. d3 b5 8. Bb3
Nc6 9. Bg5 Be7 10. f4 h6 11. Bxf6 Bxf6 12. e5 Be7 13. Ne4 f5 14. exf6 gxf6 15.
f5 d5 16. Nf4 dxe4 17. Qh5+ Kd7 18. Bxe6+ Kc7 19. dxe4 Qd4+ 20. Kh1 Ra7 21. c3
Qd2 22. Rad1 Qxb2 23. Ng6 Bxe6 24. fxe6 Rg8 25. g3 Kb6 26. Nf4 Ne5 27. Nd5+ Ka5
28. a4 bxa4 29. Rde1 Ng4 30. Nxe7 Rg5 31. Nc6+ Kb6 32. Rb1 Rxh5 33. Rxb2+ Kxc6
34. Rf4 a3 35. Ra2 Nxh2 36. Kg2 Kd6 37. Rxa3 a5 38. Ra4 Kxe6 39. Rf5 Rxf5 40.
exf5+ Kxf5 41. Kxh2 c4 42. Rxc4 0-1

[Event "Mulhouse 2010 - GM"]
[Site "Mulhouse"]
[Date "2010.??.??"]
[Round "5"]
[White "Gozzoli, Yannick"]
[Black "Kurmann, Oliver"]
[Result "1/2-1/2"]
[WhiteElo "2524"]
[BlackElo "2443"]
[PlyCount "45"]
[EventDate "2010.07.??"]
[EventType "tourn"]
[EventRounds "9"]
[EventCountry "FRA"]
[EventCategory "13"]
[WhiteTeamCountry "FRA"]
[BlackTeamCountry "FRA"]

1. d4 d5 2. c4 c6 3. Nc3 Nf6 4. Nf3 e6 5. cxd5 exd5 6. Qc2 Be7 7. Bg5 Na6 8. a3
g6 9. e3 Bf5 10. Bd3 Bxd3 11. Qxd3 O-O 12. Bxf6 Bxf6 13. O-O Nc7 14. b4 a6 15.
a4 Qd6 16. Rab1 Bg7 17. Rfc1 Rfd8 18. b5 axb5 19. axb5 Ne6 20. bxc6 bxc6 21.
Qc2 Qa3 22. g3 Qa6 23. Qe2 1/2-1/2

[Event "Mulhouse 2010 - GM"]
[Site "Mulhouse"]
[Date "2010.??.??"]
[Round "5"]
[White "Stojanovic, Mihajlo"]
[Black "Riff, Jean Noel"]
[Result "1/2-1/2"]
[WhiteElo "2577"]
[BlackElo "2499"]
[PlyCount "123"]
[EventDate "2010.07.??"]
[EventType "tourn"]
[EventRounds "9"]
[EventCountry "FRA"]
[EventCategory "13"]
[WhiteTeamCountry "FRA"]
[BlackTeamCountry "FRA"]

1. c4 e6 2. Nc3 c5 3. Nf3 Nf6 4. e4 Nc6 5. Be2 Qb6 6. O-O Be7 7. d3 d6 8. Ne1
Nd4 9. f4 O-O 10. Nf3 a6 11. Kh1 Bd7 12. Rb1 Bc6 13. Be3 d5 14. cxd5 exd5 15.
e5 Nxf3 16. Bxf3 d4 17. Bxd4 cxd4 18. exf6 Bxf6 19. Nd5 Bxd5 20. Bxd5 Rac8 21.
Rf2 Rc5 22. Qf3 Re8 23. Re2 Rcc8 24. Rxe8+ Rxe8 25. Be4 Qa5 26. a3 Qd2 27. g3
b5 28. Qg2 Qxg2+ 29. Kxg2 Rc8 30. Rf1 Rc7 31. Kf3 h6 32. Re1 Kf8 33. Re2 a5 34.
Bd5 Rc5 35. Bb3 Rc7 36. Rc2 Rxc2 37. Bxc2 Be7 38. Ke4 b4 39. axb4 Bxb4 40. Kxd4
Ke7 41. Ba4 Bd2 42. b3 Be1 43. Ke3 Bb4 44. Bb5 Bd6 45. Ke4 Bb4 46. d4 Bd6 47.
Bc4 Bb4 48. Be2 Ba3 49. Kf5 Bb2 50. Ke4 Ba3 51. h4 Bb4 52. h5 Be1 53. g4 Bd2
54. Bc4 f6 55. Bg8 Bc1 56. d5 Bd2 57. Kf5 Bc1 58. Kg6 Bxf4 59. Kxg7 Bg5 60. Bh7
Bc1 61. Bf5 Bg5 62. Kg6 1/2-1/2

[Event "Mulhouse 2010 - GM"]
[Site "Mulhouse"]
[Date "2010.??.??"]
[Round "5"]
[White "Rusev, Krasimir"]
[Black "Roser, Kevin"]
[Result "1/2-1/2"]
[WhiteElo "2553"]
[BlackElo "2429"]
[PlyCount "122"]
[EventDate "2010.07.??"]
[EventType "tourn"]
[EventRounds "9"]
[EventCountry "FRA"]
[EventCategory "13"]
[WhiteTeamCountry "FRA"]
[BlackTeamCountry "FRA"]

1. d4 Nf6 2. c4 e6 3. Nf3 b6 4. g3 Ba6 5. Qc2 Bb7 6. Bg2 c5 7. d5 exd5 8. cxd5
Nxd5 9. O-O Be7 10. Rd1 Qc8 11. Qf5 Nf6 12. Nc3 Nc6 13. Bg5 d5 14. Qf4 d4 15.
Bxf6 Bxf6 16. Nd5 Bd8 17. b4 Ne7 18. Nxe7 Bxe7 19. Nxd4 Bxg2 20. Nf5 Bh3 21.
Nxg7+ Kf8 22. Qh6 Kg8 23. Nh5 Qf8 24. Qf4 Be6 25. bxc5 bxc5 26. Rab1 f6 27. Rb7
Qf7 28. Qh6 Re8 29. Rd6 Qg6 30. Qxg6+ hxg6 31. Rxe6 Rxh5 32. Rexe7 Rxe7 33.
Rxe7 c4 34. Rxa7 Rc5 35. Rb7 c3 36. Rb1 Kf7 37. e4 Ke6 38. f4 f5 39. Kf2 fxe4
40. Ke3 Kd5 41. Rc1 c2 42. Kd2 Kd4 43. Rxc2 e3+ 44. Kd1 Rb5 45. Ke2 Rb1 46. Rc6
Rb2+ 47. Kf3 Rf2+ 48. Kg4 e2 49. Re6 Rxh2 50. Kg5 Kd3 51. g4 Rh3 52. Rxe2 Kxe2
53. Kxg6 Rg3 54. Kf5 Ke3 55. g5 Rf3 56. g6 Rxf4+ 57. Ke6 Rg4 58. Kf7 Kd4 59. g7
Kc4 60. g8=Q Rxg8 61. Kxg8 Kb4 1/2-1/2

[Event "Mulhouse 2010 - GM"]
[Site "Mulhouse"]
[Date "2010.??.??"]
[Round "5"]
[White "Wirig, Anthony"]
[Black "Pogonina, Natalija"]
[Result "0-1"]
[WhiteElo "2491"]
[BlackElo "2501"]
[PlyCount "173"]
[EventDate "2010.07.??"]
[EventType "tourn"]
[EventRounds "9"]
[EventCountry "FRA"]
[EventCategory "13"]
[WhiteTeamCountry "FRA"]
[BlackTeamCountry "FRA"]

1. d4 Nf6 2. Nf3 e6 3. c4 d5 4. Bg5 h6 5. Bxf6 Qxf6 6. Nbd2 c5 7. cxd5 exd5 8.
e4 dxe4 9. Bb5+ Bd7 10. Nxe4 Qb6 11. O-O Be7 12. Bxd7+ Nxd7 13. dxc5 Qc6 14.
Nd6+ Bxd6 15. cxd6 O-O 16. Rc1 Qa6 17. Rc7 Rad8 18. Qd5 Nf6 19. Qxb7 Qxd6 20.
Qc6 Qb4 21. Qc2 a5 22. Re1 Nd5 23. Rc4 Qb8 24. a3 Nf4 25. Rc3 Ne6 26. h3 Rd5
27. Qb3 Rb5 28. Qa4 Qb6 29. Rc2 Rd8 30. Qh4 Rb8 31. Ree2 Rd8 32. Re1 Rb8 33.
Ree2 Rd8 34. Qe4 Ng5 35. Nxg5 Rxg5 36. Qc6 Qb8 37. Qc7 Qa8 38. Qc6 Qb8 39. Qc7
Qa8 40. f4 Rb5 41. Re7 Rf8 42. Re5 Rxe5 43. fxe5 Qe4 44. Rf2 a4 45. Kh2 Qd4 46.
Rc2 Re8 47. Re2 Qf4+ 48. g3 Qf3 49. Qc2 Rd8 50. Rf2 Qe3 51. Qf5 Qb3 52. h4 g6
53. Qc2 Rb8 54. Qe4 h5 55. e6 Qxe6 56. Qxa4 Rb3 57. Qf4 Re3 58. Qb8+ Kg7 59.
Qf4 Re1 60. Qd4+ Kg8 61. Qd2 Re4 62. Qd3 Qe5 63. Qd8+ Kg7 64. Qg5 Qd4 65. Rd2
Qc4 66. Rf2 Qd4 67. Qd2 Qe5 68. Kh3 Re3 69. Rg2 g5 70. hxg5 h4 71. Qf2 Qe6+ 72.
Kxh4 Qe4+ 73. Qf4 Qh7+ 74. Kg4 Re4 75. Rf2 Rxf4+ 76. Rxf4 Qd3 77. Rb4 Qd7+ 78.
Kf4 Qd6+ 79. Kf3 Kg6 80. g4 Qd5+ 81. Kf4 Qxg5+ 82. Kf3 Qd5+ 83. Kf4 f6 84. Ke3
Kg5 85. Ke2 Qe5+ 86. Kd3 Qg3+ 87. Kc4 0-1

[Event "Mulhouse 2010 - GM"]
[Site "Mulhouse"]
[Date "2010.??.??"]
[Round "?"]
[White "Georgiev, Vladimir"]
[Black "Riff, Jean Noel"]
[Result "1/2-1/2"]
[WhiteElo "2566"]
[BlackElo "2499"]
[PlyCount "139"]
[EventDate "2010.07.??"]
[EventType "tourn"]
[EventRounds "9"]
[EventCountry "FRA"]
[EventCategory "13"]
[WhiteTeamCountry "FRA"]
[BlackTeamCountry "FRA"]

1. d4 e6 2. Nf3 c5 3. c3 Nf6 4. Nbd2 cxd4 5. cxd4 d5 6. e3 Bd6 7. Bd3 O-O 8. e4
dxe4 9. Nxe4 Nxe4 10. Bxe4 Nd7 11. O-O Nf6 12. Bg5 Bd7 13. Ne5 Bb5 14. Ng4 Be7
15. Nxf6+ Bxf6 16. Bxf6 gxf6 17. Re1 f5 18. Bxb7 Rb8 19. Bf3 Bc4 20. Qd2 Kh8
21. b3 Bd5 22. Bxd5 Qxd5 23. Re5 Qd6 24. Rae1 Rfd8 25. h3 Qxd4 26. Qg5 Rd5 27.
Rxd5 Qxd5 28. Qf6+ Kg8 29. Re3 Qd8 30. Rg3+ Kf8 31. Qh6+ Ke7 32. Qh4+ Kf8 33.
Qxh7 Qd1+ 34. Kh2 Qd6 35. Qh6+ Ke7 36. f4 Rb4 37. Rf3 a5 38. h4 Qd4 39. a3 Rb8
40. Qg5+ Qf6 41. Qxf6+ Kxf6 42. Rg3 Rd8 43. h5 Rh8 44. Kg1 Ke7 45. Kf2 e5 46.
Rh3 f6 47. h6 Rh7 48. Ke3 Kf7 49. b4 axb4 50. axb4 Kg8 51. Kd3 Rc7 52. Re3 e4+
53. Kd4 Kh7 54. b5 Rd7+ 55. Kc4 Kxh6 56. b6 Kh5 57. Rb3 Rb7 58. Kc5 Kg4 59. Kc6
Rb8 60. Kc7 Re8 61. Kd7 Rb8 62. Kc7 Re8 63. b7 Kxf4 64. b8=Q Rxb8 65. Rxb8 Kg3
66. Rb2 f4 67. Kd6 f3 68. gxf3 exf3 69. Ke6 f2 70. Rxf2 1/2-1/2

[Event "Mulhouse 2010 - IM"]
[Site "Mulhouse"]
[Date "2010.??.??"]
[Round "?"]
[White "Hassler, Franck"]
[Black "Lerch, Patrice"]
[Result "0-1"]
[WhiteElo "2250"]
[BlackElo "2300"]
[PlyCount "63"]
[EventDate "2010.07.??"]
[EventType "tourn"]
[EventCountry "FRA"]
[EventCategory "4"]
[WhiteTeamCountry "FRA"]
[BlackTeamCountry "FRA"]

1. d4 Nf6 2. Nf3 b6 3. e3 Bb7 4. Bd3 c5 5. O-O g6 6. Nbd2 Bg7 7. c3 O-O 8. e4
d6 9. Re1 Qc7 10. Qe2 Nh5 11. Nf1 Nd7 12. h3 Rae8 13. a3 e5 14. d5 h6 15. c4 f5
16. Nh4 f4 17. Nxg6 f3 18. Qd1 Rf6 19. Nh4 Nf4 20. Nxf3 Ref8 21. Nh4 Qd8 22.
Nf5 Rg6 23. N1g3 Bc8 24. Kh2 h5 25. Rg1 Nf6 26. Nxg7 Ng4+ 27. Qxg4 hxg4 28.
Bxf4 exf4 29. N3f5 Rxg7 30. Nxg7 Kxg7 31. f3 Qh4 32. e5 0-1

[Event "Mulhouse 2010 - GM"]
[Site "Mulhouse"]
[Date "2010.07.??"]
[Round "9"]
[White "Gozzoli, Yannick"]
[Black "Roser, Kevin"]
[Result "1-0"]
[WhiteElo "2524"]
[BlackElo "2429"]
[PlyCount "65"]
[EventDate "2010.07.??"]
[EventType "tourn"]
[EventRounds "9"]
[EventCountry "FRA"]
[EventCategory "13"]
[WhiteTeamCountry "FRA"]
[BlackTeamCountry "FRA"]

1. d4 Nf6 2. c4 e6 3. Nf3 b6 4. g3 Ba6 5. Qc2 Bb7 6. Bg2 c5 7. d5 exd5 8. cxd5
Nxd5 9. O-O Be7 10. Rd1 Qc8 11. Qf5 Nf6 12. Nc3 O-O 13. Bg5 h6 14. Bxf6 Bxf6
15. Rd6 Be7 16. Rad1 Bxd6 17. Rxd6 Na6 18. Ne5 Bxg2 19. Kxg2 f6 20. Ng4 Qe8 21.
Nd5 Kh8 22. a3 Rf7 23. e4 Rc8 24. e5 fxe5 25. Qxe5 Qf8 26. Rxh6+ Kg8 27. Rg6
Rc6 28. Nh6+ Kh7 29. Nxf7 Kxg6 30. Ng5 Kh6 31. f4 Qb8 32. Qf5 Re6 33. Qh7# 1-0

[Event "Mulhouse 2010 - IM"]
[Site "Mulhouse"]
[Date "2010.??.??"]
[Round "?"]
[White "Genov, Petar"]
[Black "Ider, Borya"]
[Result "1-0"]
[WhiteElo "2438"]
[BlackElo "2285"]
[PlyCount "117"]
[EventDate "2010.07.??"]
[EventType "tourn"]
[EventCountry "FRA"]
[EventCategory "4"]
[WhiteTeamCountry "FRA"]
[BlackTeamCountry "FRA"]

1. e4 e6 2. Nf3 d5 3. Nc3 dxe4 4. Nxe4 Nd7 5. g3 Be7 6. Bg2 Ngf6 7. Nxf6+ Bxf6
8. O-O b6 9. Nd4 Bxd4 10. Bxa8 Ba6 11. Be4 Bxf1 12. Qxf1 c5 13. c3 Be5 14. d3
O-O 15. f4 Bd6 16. Be3 Nf6 17. Bf3 Qe7 18. Rd1 Rd8 19. d4 cxd4 20. Rxd4 e5 21.
fxe5 Bxe5 22. Rxd8+ Qxd8 23. Kg2 h6 24. Qc4 Qd7 25. a4 Bd6 26. a5 bxa5 27. Qa6
a4 28. Bxa7 Be5 29. Be3 h5 30. Qa5 Qe6 31. Bf2 g5 32. Qxa4 Qf5 33. Qd1 g4 34.
Bb7 h4 35. gxh4 Bxh2 36. Qd8+ Kg7 37. Bd4 Be5 38. Bxe5 Qxe5 39. Qd2 Qe6 40. b4
Kf8 41. b5 Qc4 42. Qd6+ Kg7 43. Qe5 Qa2+ 44. Kg3 Qa7 45. Qg5+ Kf8 46. Qxf6 Qxb7
47. Qc6 Qb8+ 48. Kxg4 Qe5 49. b6 Qe2+ 50. Kf4 Qf2+ 51. Ke5 Qxh4 52. Qd6+ Kg8
53. Kd5 Qh5+ 54. Kd4 Qg4+ 55. Kc5 Qf5+ 56. Qd5 Qc8+ 57. Kb4 Qg4+ 58. c4 Qg1 59.
Kb5 1-0

[Event "Mulhouse 2010 - IM"]
[Site "Mulhouse"]
[Date "2010.??.??"]
[Round "?"]
[White "Nass, Emile"]
[Black "Riff, Vincent"]
[Result "1/2-1/2"]
[WhiteElo "2245"]
[BlackElo "2332"]
[PlyCount "130"]
[EventDate "2010.07.??"]
[EventType "tourn"]
[EventCountry "FRA"]
[EventCategory "4"]
[WhiteTeamCountry "FRA"]
[BlackTeamCountry "FRA"]

1. d4 Nf6 2. Nf3 c5 3. d5 b5 4. Bg5 d6 5. Bxf6 exf6 6. e4 a6 7. a4 b4 8. Be2 g6
9. Nbd2 Bg7 10. Nc4 O-O 11. O-O Re8 12. Bd3 Qc7 13. Qd2 Nd7 14. Qf4 Ne5 15.
Nfxe5 fxe5 16. Qh4 a5 17. Ne3 Rf8 18. g4 Qd8 19. Qxd8 Rxd8 20. f3 Bh6 21. Nc4
Ba6 22. Kf2 Bxc4 23. Bxc4 Bf4 24. h3 Kg7 25. Ke2 Rh8 26. Rg1 h5 27. g5 h4 28.
Rg4 Bg3 29. b3 Rh5 30. Rf1 Rf8 31. Rg1 Rhh8 32. Rf1 f6 33. gxf6+ Rxf6 34. Rg1
Rhf8 35. Rf1 Rf4 36. Ke3 Kf6 37. Ke2 Rh8 38. Ke3 Rf8 39. Ke2 Kg7 40. Ke3 Kh6
41. Bb5 R8f7 42. Bc4 Kg7 43. Ke2 Kh6 44. Ke3 Rf8 45. Bb5 c4 46. Bxc4 Rc8 47.
Rxf4 Bxf4+ 48. Kd3 Kg5 49. Rg1+ Bg3 50. Ke3 Kf6 51. Ke2 Ke7 52. Kd3 g5 53. Rf1
Rf8 54. Kd2 Kd7 55. c3 Bf4+ 56. Kd3 bxc3 57. Kxc3 Be3 58. b4 axb4+ 59. Kxb4 Kc7
60. a5 Kb7 61. Bb5 Ka7 62. Ka4 Rc8 63. Bc6 Rb8 64. Bb5 Rc8 65. Bc6 Rb8 1/2-1/2

[Event "Mulhouse 2010 - GM"]
[Site "Mulhouse"]
[Date "2010.07.05"]
[Round "6"]
[White "Roser, Kevin"]
[Black "Georgiev, Vladimir"]
[Result "1-0"]
[WhiteElo "2429"]
[BlackElo "2586"]
[PlyCount "89"]
[EventDate "2010.07.??"]
[EventType "tourn"]
[EventRounds "9"]
[EventCountry "FRA"]
[EventCategory "13"]
[WhiteTeamCountry "FRA"]
[BlackTeamCountry "FRA"]

1. e4 e5 2. Nf3 Nc6 3. Bb5 a6 4. Ba4 Nf6 5. O-O Be7 6. Re1 b5 7. Bb3 O-O 8. c3
d6 9. h3 Bb7 10. d4 Nd7 11. Nbd2 exd4 12. cxd4 Bf6 13. Nf1 Re8 14. N1h2 h5 15.
Ng5 Bxg5 16. Qxh5 Bxc1 17. Bxf7+ Kf8 18. Bd5 Qf6 19. Raxc1 Nd8 20. Bxb7 Ra7 21.
e5 dxe5 22. Ng4 Qf7 23. Qxf7+ Nxf7 24. Rxc7 exd4 25. Rd1 Nb6 26. Rxd4 Na8 27.
Rxf7+ Kxf7 28. Bd5+ Kg6 29. Be4+ Kf7 30. Bd5+ Kg6 31. Be4+ Kf7 32. f4 Nb6 33.
Ne5+ Kf8 34. b3 g5 35. g3 gxf4 36. gxf4 Rg7+ 37. Kf2 Ke7 38. h4 Ke6 39. h5 Rh8
40. Bg6 Nc8 41. Nf3 Rc7 42. Kg3 Kf6 43. Ng5 Rc1 44. Rd7 Ne7 45. Ne4+ 1-0

[Event "Mulhouse 2010 - GM"]
[Site "Mulhouse"]
[Date "2010.??.??"]
[Round "5.5"]
[White "Strohhaeker, Raoul"]
[Black "Georgiev, Vladimir"]
[Result "1/2-1/2"]
[WhiteElo "2432"]
[BlackElo "2566"]
[PlyCount "107"]
[EventDate "2010.07.??"]
[EventType "tourn"]
[EventRounds "9"]
[EventCountry "FRA"]
[EventCategory "13"]
[WhiteTeamCountry "FRA"]
[BlackTeamCountry "FRA"]

1. e4 e5 2. Nf3 Nc6 3. Bc4 Bc5 4. c3 Nf6 5. d4 exd4 6. cxd4 Bb4+ 7. Bd2 d5 8.
exd5 Qe7+ 9. Kf1 Bxd2 10. Nbxd2 Nb4 11. Qb3 O-O 12. a3 b5 13. Qxb4 Qxb4 14.
axb4 bxc4 15. Nxc4 Nxd5 16. Ne3 Nxb4 17. Ke2 Re8 18. Rhc1 Nd5 19. Kd2 Bb7 20.
Rc5 Red8 21. Raa5 Nf4 22. Rxc7 Bxf3 23. gxf3 Rab8 24. Raxa7 Rxd4+ 25. Kc3 Rdb4
26. Rc8+ Rxc8+ 27. Kxb4 h5 28. Ka5 Rc5+ 29. Kb6 Rc1 30. b4 Rh1 31. b5 Rxh2 32.
Kc6 Rh1 33. b6 Rc1+ 34. Kd6 Rb1 35. b7 Kh7 36. Kc6 Rc1+ 37. Kd7 Rb1 38. Nc4 Nd5
39. Na5 Nf6+ 40. Kc7 Ne8+ 41. Kc6 Rc1+ 42. Kb6 Rb1+ 43. Kc5 Nf6 44. Nc6 Nd7+
45. Kd6 Rd1+ 46. Kc7 h4 47. Ne5 h3 48. Nxd7 h2 49. b8=Q h1=Q 50. Nf8+ Kg8 51.
Ne6+ Kh7 52. Nf8+ Kg8 53. Nd7+ Kh7 54. Nf8+ 1/2-1/2

[Event "Mulhouse 2010 - GM"]
[Site "Mulhouse"]
[Date "2010.07.??"]
[Round "6.2"]
[White "Pogonina, Natalija"]
[Black "Strohhaeker, Raoul"]
[Result "1-0"]
[WhiteElo "2501"]
[BlackElo "2432"]
[PlyCount "91"]
[EventDate "2010.07.??"]
[EventType "tourn"]
[EventRounds "9"]
[EventCountry "FRA"]
[EventCategory "13"]
[WhiteTeamCountry "FRA"]
[BlackTeamCountry "FRA"]

1. e4 c5 2. Nf3 e6 3. d4 cxd4 4. Nxd4 a6 5. Bd3 Nc6 6. Nb3 Nf6 7. O-O d5 8.
exd5 exd5 9. Bf4 Bd6 10. Re1+ Be6 11. Bxd6 Qxd6 12. N1d2 O-O 13. Nf3 Bg4 14. h3
Bh5 15. Be2 Rfe8 16. c3 Bg6 17. Nbd4 Nh5 18. Bf1 Be4 19. Nxc6 bxc6 20. Nd2 Nf6
21. Nc4 Qb8 22. Na5 Qxb2 23. Qb3 Qd2 24. Rad1 Qg5 25. Nxc6 Nh5 26. c4 dxc4 27.
Qxc4 Bxg2 28. Bxg2 Nf4 29. Qf1 Nxh3+ 30. Kh1 Nf4 31. Nd4 Rab8 32. Nf3 Qh5+ 33.
Nh2 Re6 34. Rxe6 fxe6 35. Bf3 Qh4 36. Qxa6 Qxf2 37. Qc4 Rf8 38. a4 Qe3 39. Qd4
Qa3 40. Ra1 Qb3 41. a5 Nh3 42. Rf1 Ng5 43. Bg2 Nh3 44. Rxf8+ Kxf8 45. a6 Qb1+
46. Nf1 1-0

[Event "Mulhouse 2010 - GM"]
[Site "Mulhouse"]
[Date "2010.07.??"]
[Round "6.3"]
[White "Kurmann, Oliver"]
[Black "Wirig, Anthony"]
[Result "1/2-1/2"]
[WhiteElo "2443"]
[BlackElo "2491"]
[PlyCount "35"]
[EventDate "2010.07.??"]
[EventType "tourn"]
[EventRounds "9"]
[EventCountry "FRA"]
[EventCategory "13"]
[WhiteTeamCountry "FRA"]
[BlackTeamCountry "FRA"]

1. e4 c5 2. Nf3 e6 3. d4 cxd4 4. Nxd4 Nc6 5. Nc3 Qc7 6. Be3 a6 7. Qd2 Nf6 8.
O-O-O Be7 9. f3 O-O 10. g4 b5 11. g5 Nh5 12. Nxc6 dxc6 13. f4 e5 14. f5 Rd8 15.
Qe1 Rxd1+ 16. Qxd1 Nf4 17. Rg1 Bb7 18. Qe1 1/2-1/2

[Event "Mulhouse 2010 - GM"]
[Site "Mulhouse"]
[Date "2010.07.05"]
[Round "7.1"]
[White "Stojanovic, Mihajlo"]
[Black "Roser, Kevin"]
[Result "1/2-1/2"]
[WhiteElo "2577"]
[BlackElo "2429"]
[PlyCount "46"]
[EventDate "2010.07.??"]
[EventType "tourn"]
[EventRounds "9"]
[EventCountry "FRA"]
[EventCategory "13"]
[WhiteTeamCountry "FRA"]
[BlackTeamCountry "FRA"]

1. c4 Nf6 2. Nc3 e5 3. g3 d5 4. cxd5 Nxd5 5. Bg2 Nb6 6. Nf3 Nc6 7. O-O Be7 8.
a3 O-O 9. b4 Be6 10. d3 f6 11. Ne4 Qe8 12. Be3 Qf7 13. Bc5 Bd5 14. Bxe7 Qxe7
15. Nc3 Be6 16. Nd2 Rab8 17. Nde4 a5 18. Nc5 axb4 19. axb4 Nxb4 20. Nxb7 c5 21.
Na5 Rfd8 22. Qc1 c4 23. dxc4 Nxc4 1/2-1/2

[Event "Mulhouse 2010 - GM"]
[Site "Mulhouse"]
[Date "2010.07.05"]
[Round "7.2"]
[White "Gozzoli, Yannick"]
[Black "Rusev, Krasimir"]
[Result "1/2-1/2"]
[WhiteElo "2524"]
[BlackElo "2553"]
[PlyCount "23"]
[EventDate "2010.07.??"]
[EventType "tourn"]
[EventRounds "9"]
[EventCountry "FRA"]
[EventCategory "13"]
[WhiteTeamCountry "FRA"]
[BlackTeamCountry "FRA"]

1. d4 Nf6 2. c4 e6 3. Nf3 d5 4. Nc3 Be7 5. Bg5 h6 6. Bh4 O-O 7. e3 Nbd7 8. Rc1
b6 9. cxd5 exd5 10. Qa4 c5 11. Ba6 Bxa6 12. Qxa6 1/2-1/2

[Event "Mulhouse 2010 - GM"]
[Site "Mulhouse"]
[Date "2010.07.05"]
[Round "7.3"]
[White "Wirig, Anthony"]
[Black "Riff, Jean Noel"]
[Result "1/2-1/2"]
[WhiteElo "2491"]
[BlackElo "2499"]
[PlyCount "26"]
[EventDate "2010.07.??"]
[EventType "tourn"]
[EventRounds "9"]
[EventCountry "FRA"]
[EventCategory "13"]
[WhiteTeamCountry "FRA"]
[BlackTeamCountry "FRA"]

1. e4 c5 2. Nf3 d6 3. d4 Nf6 4. Nc3 cxd4 5. Nxd4 e6 6. Be3 Nc6 7. f3 Be7 8. Qd2
O-O 9. O-O-O d5 10. exd5 Nxd5 11. Nxd5 Qxd5 12. Nxc6 Qxc6 13. Bd3 Qc7 1/2-1/2

[Event "Mulhouse 2010 - GM"]
[Site "Mulhouse"]
[Date "2010.07.05"]
[Round "7.4"]
[White "Strohhaeker, Raoul"]
[Black "Kurmann, Oliver"]
[Result "1-0"]
[WhiteElo "2432"]
[BlackElo "2443"]
[PlyCount "107"]
[EventDate "2010.07.??"]
[EventType "tourn"]
[EventRounds "9"]
[EventCountry "FRA"]
[EventCategory "13"]
[WhiteTeamCountry "FRA"]
[BlackTeamCountry "FRA"]

1. e4 c5 2. Nf3 a6 3. c4 e6 4. Nc3 Qc7 5. Be2 Nf6 6. O-O Bd6 7. Kh1 Nc6 8. d4
cxd4 9. Nxd4 Bf4 10. Nc2 b6 11. Be3 Bxe3 12. Nxe3 O-O 13. f4 d6 14. Rc1 Ne7 15.
Bd3 Bb7 16. Ng4 Nxg4 17. Qxg4 Ng6 18. Qg3 Kh8 19. b3 Qe7 20. e5 Rad8 21. Bxg6
hxg6 22. Qe3 dxe5 23. fxe5 Qc5 24. Qxc5 bxc5 25. Rcd1 Bc6 26. Kg1 Rd4 27. Rxd4
cxd4 28. Ne2 d3 29. Nf4 Rd8 30. Rd1 d2 31. Kf2 g5 32. Nh3 f6 33. exf6 gxf6 34.
Ng1 g4 35. g3 Kg7 36. Ke3 f5 37. Rxd2 Rxd2 38. Kxd2 Kf6 39. Ke3 e5 40. Ne2 Ke6
41. b4 Kd6 42. Nc1 Bg2 43. Nd3 Bf1 44. Nb2 Bg2 45. a4 a5 46. bxa5 Bb7 47. Nd3
Bc8 48. c5+ Kd5 49. a6 e4 50. a7 Bb7 51. Nf4+ Kxc5 52. Ne6+ Kb6 53. Nd4 Kxa7
54. Nxf5 1-0

[Event "Mulhouse 2010 - GM"]
[Site "Mulhouse"]
[Date "2010.07.05"]
[Round "7.5"]
[White "Georgiev, Vladimir"]
[Black "Pogonina, Natalija"]
[Result "1/2-1/2"]
[WhiteElo "2566"]
[BlackElo "2501"]
[PlyCount "23"]
[EventDate "2010.07.??"]
[EventType "tourn"]
[EventRounds "9"]
[EventCountry "FRA"]
[EventCategory "13"]
[WhiteTeamCountry "FRA"]
[BlackTeamCountry "FRA"]

1. e4 e5 2. Nf3 Nc6 3. Nc3 Nf6 4. d4 exd4 5. Nxd4 Bb4 6. Nxc6 bxc6 7. Bd3 d5 8.
exd5 cxd5 9. O-O O-O 10. Bg5 c6 11. Qf3 Qd6 12. h3 1/2-1/2

[Event "Mulhouse 2010 - IM"]
[Site "Mulhouse"]
[Date "2010.07.??"]
[Round "1.1"]
[White "Ider, Borya"]
[Black "Lerch, Patrice"]
[Result "1/2-1/2"]
[WhiteElo "2284"]
[BlackElo "2334"]
[PlyCount "59"]
[EventDate "2010.07.??"]
[EventType "tourn"]
[EventCountry "FRA"]
[EventCategory "4"]
[WhiteTeamCountry "FRA"]
[BlackTeamCountry "FRA"]

1. d4 Nf6 2. c4 e6 3. g3 d5 4. Nf3 Be7 5. Bg2 O-O 6. O-O dxc4 7. Ne5 Nc6 8.
Bxc6 bxc6 9. Nxc6 Qe8 10. Nxe7+ Qxe7 11. Qa4 c5 12. Qa3 Bb7 13. Qxc5 Qd7 14.
Nc3 e5 15. d5 Rfc8 16. Qa5 Bxd5 17. Nxd5 Qxd5 18. Qxd5 Nxd5 19. Rd1 Rd8 20. Bd2
Kf8 21. Ba5 Nb6 22. b3 Rxd1+ 23. Rxd1 Ke7 24. Bb4+ Ke8 25. bxc4 Nxc4 26. Rd5
Rb8 27. Bc3 g6 28. Rc5 Nd6 29. Ra5 Rb7 30. f3 1/2-1/2

[Event "Mulhouse 2010 - IM"]
[Site "Mulhouse"]
[Date "2010.07.??"]
[Round "2.2"]
[White "Bensdorp, Marlies"]
[Black "Hassler, Franck"]
[Result "1/2-1/2"]
[WhiteElo "2309"]
[BlackElo "2213"]
[PlyCount "83"]
[EventDate "2010.07.??"]
[EventType "tourn"]
[EventCountry "FRA"]
[EventCategory "4"]
[WhiteTeamCountry "FRA"]
[BlackTeamCountry "FRA"]

1. d4 Nf6 2. c4 b6 3. Nf3 Bb7 4. e3 e6 5. Bd3 Bb4+ 6. Nbd2 Ne4 7. O-O Nxd2 8.
Nxd2 Qh4 9. a3 Be7 10. e4 O-O 11. Nf3 Qh5 12. d5 e5 13. Bd2 d6 14. b4 Nd7 15.
Qc2 Rfd8 16. Rfc1 h6 17. Be3 c6 18. Nd2 Bg5 19. dxc6 Bxc6 20. Nf1 g6 21. Be2
Qh4 22. f3 Bf4 23. Rd1 Nf8 24. Bf2 Qe7 25. Rd3 f5 26. Rdd1 fxe4 27. fxe4 Ne6
28. g3 Bg5 29. h4 Bf6 30. Ne3 Nd4 31. Qd3 Bg7 32. Nd5 Qd7 33. Kg2 Rf8 34. Rf1
Bxd5 35. cxd5 Rac8 36. Rac1 Rxc1 37. Rxc1 Rc8 38. Be3 Rxc1 39. Bxc1 Nxe2 40.
Qxe2 Qc8 41. Bb2 b5 42. Qd3 1/2-1/2

[Event "Mulhouse 2010 - IM"]
[Site "Mulhouse"]
[Date "2010.??.??"]
[Round "2.4"]
[White "Genov, Petar"]
[Black "Genzling, Alain"]
[Result "1/2-1/2"]
[WhiteElo "2438"]
[BlackElo "2405"]
[PlyCount "43"]
[EventDate "2010.07.??"]
[EventType "tourn"]
[EventCountry "FRA"]
[EventCategory "4"]
[WhiteTeamCountry "FRA"]
[BlackTeamCountry "FRA"]

1. d4 Nf6 2. Nf3 e6 3. c4 Bb4+ 4. Bd2 Qe7 5. g3 Nc6 6. Nc3 Bxc3 7. Bxc3 Ne4 8.
Rc1 d6 9. d5 Nxc3 10. Rxc3 Nb8 11. dxe6 fxe6 12. Bg2 O-O 13. O-O Nd7 14. Nd4 c6
15. e4 Nf6 16. e5 dxe5 17. Nf3 e4 18. Ng5 e5 19. Nxe4 Bf5 20. Qd6 Qf7 21. Nxf6+
Qxf6 22. Qxf6 1/2-1/2

[Event "Mulhouse 2010 - IM"]
[Site "Mulhouse"]
[Date "2010.07.??"]
[Round "3"]
[White "Hassler, Franck"]
[Black "Sanduleac, Vasile"]
[Result "0-1"]
[WhiteElo "2213"]
[BlackElo "2457"]
[PlyCount "88"]
[EventDate "2010.07.??"]
[EventType "tourn"]
[EventCountry "FRA"]
[EventCategory "4"]
[WhiteTeamCountry "FRA"]
[BlackTeamCountry "FRA"]

1. d4 d6 2. e4 g6 3. Nc3 Bg7 4. Be3 c6 5. Qd2 Nd7 6. h4 h5 7. O-O-O b5 8. f3
Nb6 9. Nh3 Nc4 10. Bxc4 bxc4 11. Nb1 Qb6 12. Na3 d5 13. c3 Bxh3 14. Rxh3 e6 15.
Bf4 Rd8 16. Qe2 Ne7 17. Bg5 Rb8 18. g3 Rb7 19. Rh2 Qa6 20. Qc2 Kd7 21. Qb1 Nc8
22. Nc2 Nd6 23. Bf4 Nb5 24. Qa1 Bf8 25. Ne3 Nxc3 26. bxc3 Ba3+ 27. Kd2 Rb2+ 28.
Nc2 Qa4 29. Rc1 Rxa2 30. Qb1 Bxc1+ 31. Kxc1 Qb3 32. Rg2 a5 33. Qxb3 cxb3 34.
Ne3 f5 35. Rd2 Rxd2 36. Kxd2 a4 37. Kc1 Ra8 38. Nd1 a3 39. Kb1 Ra4 40. e5 Kc8
41. Bh6 c5 42. dxc5 d4 43. c6 dxc3 44. Nxc3 a2+ 0-1